000
00267nam a22001217a 4500
008
181008b xxu||||| |||| 00| 0 eng d
041
_a
eng
080
_a
941
100
_a
16
101
_a
HIS
245
_a
A story A maori Filmarker
_c
Bary.B
942
_2
udc
_c
BK
999
_c
49000
_d
49000